000 00499nam a2200157 i 4500
001 64888
003 ES-MaACL
005 20230906165238.0
007 t|
008 040107s1946 sp ||||1| spa d
100 1 _aForteza, Guillermo.
_951858
245 1 0 _aGuillermo Forteza
_b: arquitecto /
_cGuillermo Forteza.
260 _a[S.l. :
_bs.n.],
_c1946 (
_ePalma de Mallorca :
_fImp. Mossen Alcover)
300 _a222 p., 28 lám. :
_bretr. aut., il. ;
_c28 cm.
852 _aES-MaACL
_jD-7052
_bR.30720
999 _c64888
_d64888